Unitary group representations in physics, probability, and number theory /
Guardado en:
| Autor Principal: | |
|---|---|
| Formato: | Libro |
| Idioma: | English |
| Publicado: |
Reading, Mass. :
Benjamin/Cummings,
1978.
|
| Series: | Mathematics lecture note series ;
55 |
| Materias: | |
| Etiquetas: |
Agregar Etiqueta
Sin Etiquetas, Sea el primero en etiquetar este registro!
|
| LEADER | 00967cam a2200277 a 4500 | ||
|---|---|---|---|
| 001 | MAT.inmabb002706 | ||
| 008 | 781005s1978####mau######b####001#0#eng## | ||
| 005 | 20110907133821.0 | ||
| 245 | 1 | 0 | |a Unitary group representations in physics, probability, and number theory / |c George W. Mackey. |
| 260 | |a Reading, Mass. : |b Benjamin/Cummings, |c 1978. | ||
| 300 | |a xiv, 402 p. ; |c 25 cm. | ||
| 440 | 0 | |a Mathematics lecture note series ; |v 55 | |
| 504 | |a Incluye referencias bibliográficas. | ||
| 510 | 4 | |a MR, |c 80i:22001 | |
| 020 | |a 0805367020 | ||
| 020 | |a 0805367039 (pbk.) | ||
| 100 | 1 | |a Mackey, George Whitelaw, |d 1916- | |
| 650 | 0 | |a Unitary groups. | |
| 650 | 0 | |a Representations of groups. | |
| 650 | 0 | |a Mathematical physics. | |
| 650 | 0 | |a Probabilities. | |
| 650 | 0 | |a Number theory. | |
| 084 | |a 22-02 (10D40 28Dxx) ... 22-02 (01A60 01A75 11F70 28Dxx 81B05) [2nd ed] |2 MR | ||
| 010 | |a 78023563 | ||
| 040 | |a DLC |c DLC |d DLC | ||
| 859 | |h 22 |i M157 |p A-5164 |b BIB. MATEMATICA | ||
